Titres musiques One direction - Statistiques

Statistiques générales
  • Ce quiz a été pris 1 714 fois
  • Le résultat moyen est 45 sur 91
Statistiques - réponses
Songs % Correct
What Makes You Beautiful
90%
Best Song Ever
79%
Kiss You
76%
Night Changes
76%
Story of My Life
75%
You & I
75%
Drag Me Down
74%
Little Things
74%
Midnight Memories
74%
One Thing
71%
History
70%
Steal My Girl
69%
Live While We're Young
68%
Perfect
68%
18
65%
Diana
64%
Up All Night
63%
Olivia
62%
No Control
61%
Gotta Be You
60%
Little Black Dress
60%
Rock Me
60%
I Want
59%
A.M.
56%
I Would
56%
Stockholm Syndrome
56%
Right Now
53%
They Don't Know About Us
53%
Fireproof
52%
More than This
52%
Wolves
51%
Happily
50%
Na na na
50%
Strong
50%
Where Do Broken Hearts Go
50%
I Wish
49%
Act My Age
48%
Clouds
48%
If I Could Fly
48%
Little White Lies
48%
Over Again
48%
C'mon, C'mon
47%
Don't Forget Where You Belong
47%
Infinity
47%
Last First Kiss
47%
Moments
47%
Fool's Gold
46%
Summer Love
46%
I Want to Write You A Song
45%
Taken
45%
Alive
44%
Girl Almighty
44%
Love You, Goodbye
43%
Through the Dark
43%
Change Your Ticket
42%
Change Your Ticket
42%
Better Than Words
41%
End of the Day
41%
Half A Heart
41%
Ready To Run
41%
Stole My Heart
41%
Heart Attack
40%
Hey Angel
40%
Never Enough
40%
She's Not Afraid
40%
Walking in the Wind
40%
Home
39%
Magic
38%
Spaces
38%
Irresistible
37%
Save You Tonight
37%
Temporary fix
37%
Another World
36%
Change My Mind
36%
Does He Know?
36%
Stand Up
36%
Tell Me a Lie
36%
What a Feeling
36%
Back for You
35%
Loved You First
35%
Nobody Compares
35%
Truly Madly Deeply
35%
Illusion
34%
Long Way Down
34%
Same Mistakes
34%
Still the One
34%
Everything About You
33%
Once in a Lifetime
33%
Something Great
33%
Why Don't We Go There
33%
I should have kissed you
32%
Aucun quiz correspondant
Distribution des résultats
% des personnes avec chaque résultat
Percentile par nombre de réponses
Votre historique - résultats
Vous n’avez pas pris ce quiz